| 000 | 00501nam a2200193Ia 4500 | ||
|---|---|---|---|
| 005 | 20250423095448.0 | ||
| 008 | 250422s9999 xx 000 0 und d | ||
| 020 | _a9780803614017 | ||
| 050 | _aRC 440 .N44/ | ||
| 100 | _aNeeb, Kathy | ||
| 245 | 0 | _aFundamentals of mental health nursing | |
| 250 | _a3rd ed. | ||
| 260 | _aPhiladelphia | ||
| 260 | _bF. A. Davis Company | ||
| 260 | _c2006 | ||
| 300 | _a438 p | ||
| 650 | _aPsychiatric nursing. Psychiatric nursing--Case studies. | ||
| 942 | _cBK | ||
| 999 |
_c30346 _d30346 |
||